A Song of Ice and Fire Top 100 Places Quiz Stats

 Plays Quiz Updated Mar 16, 2019

Score 0/100 Timer 15:00
0 Plays Today
Mentions Place % Correct
882Winterfell
96.3%
512King's Landing
95.7%
830The Wall
92.3%
221Casterly Rock
85.6%
284Dorne
85%
148Braavos
83%
297Meereen
82.3%
85The North
82.1%
200Dragonstone
82.1%
170Highgarden
82%
394Riverrun
81.3%
175Castle Black
80.2%
186The Eyrie
79.8%
42Iron Islands
76.9%
118The Twins
76.8%
99Pyke
76.5%
152Vale of Arryn
76.4%
69Sunspear
75.2%
286Harrenhal
74%
173Storm's End
73.4%
119Qarth
72.5%
318Westeros
72.1%
102Pentos
71.6%
178Oldtown
70.5%
108Dreadfort
70.1%
34The Reach
69.6%
132Red Keep
69.1%
125Eastwatch
69.1%
151Astapor
68.5%
221Yunkai
67.9%
76Riverlands
66.5%
75Lannisport
65.5%
40Vaes Dothrak
63.6%
26Craster's Keep
62.6%
Mentions Place % Correct
123White Harbor
62.2%
83Valyria
61.7%
140Volantis
61.5%
82Myr
60.2%
81Lys
60.1%
198Trident
57.4%
124Blackwater
56.5%
76Moat Cailin
56%
108Narrow Sea
55.8%
48Tarth
53.8%
141Kingsroad
53.4%
78Fist of the First Men
53.1%
33Dothraki Sea
53.1%
52Great Sept of Baelor
52.6%
81Shadow Tower
52.3%
89Deepwood Motte
51.2%
65Asshai
51%
60The Neck
48.5%
31Karhold
46%
59Slaver's Bay
44.4%
27Flea Bottom
43.8%
46Tyrosh
43%
31Hardhome
42.7%
29Water Gardens
42.1%
105Citadel
41.8%
21Kingswood
38.6%
28Gulltown
37.7%
33Horn Hill
37.7%
43Mole's Town
37.3%
83Arbor
36.9%
40Wolfswood
36.4%
30Summer Isles
36.3%
22Qohor
35.8%
38Nightfort
35.6%
Mentions Place % Correct
44Red Fork
35.1%
22The Gift
34.9%
59Tower of the Hand
34%
37Green Fork
33.9%
65Maidenpool
33.6%
34Old Wyk
32.1%
80Duskendale
31.4%
32Frostfangs
31.1%
48Rhoyne
31%
27Torrhen's Square
30.8%
28Harlaw
30.2%
263Seven Kingdoms
29.9%
33Stepstones
26.7%
49Saltpans
26.5%
23Rosby
26.2%
37Haunted Forest
26.2%
84Free Cities
25.8%
29Maegor's Holdfast
25.4%
43Whispering Wood
25%
33Darry
24.5%
26Castamere
23.6%
36Mud Gate (King's Landing)
23.3%
34Seagard
23.3%
32Mander
23.1%
22Great Pyramid of Meereen
21.7%
29Barrowton
21%
28New Ghis
20.9%
30Milkwater
20.2%
46King's Tower (Castle Black)
19.2%
28Bitterbridge
18.6%
23Greyguard
14.6%
25Skahazadhan
11.3%

You're not logged in!

Compare scores with friends on all Sporcle quizzes.
OR
Log In

Show Comments

Extras

Top Quizzes Today


Score Distribution

Your Account Isn't Verified!

In order to create a playlist on Sporcle, you need to verify the email address you used during registration. Go to your Sporcle Settings to finish the process.

Report this User

Report this user for behavior that violates our Community Guidelines.

Details: